Diệt trừ bệnh đốm lá Cercospora trên đậu xanh

保存先:
書誌詳細
第一著者: Mã Kim Phương
フォーマット: 図書
言語:Undetermined
出版事項: Cần Thơ Viện Đại Học Cần Thơ - Đại Học Nông Nghiệp 1974
主題:
タグ: タグ追加
タグなし, このレコードへの初めてのタグを付けませんか!
Thư viện lưu trữ: Trung tâm Học liệu Trường Đại học Cần Thơ
LEADER 00622nam a2200181Ia 4500
001 CTU_33565
008 210402s9999 xx 000 0 und d
082 |a 633.3 
082 |b Ph561 
100 |a Mã Kim Phương 
245 0 |a Diệt trừ bệnh đốm lá Cercospora trên đậu xanh 
245 0 |c Mã Kim Phương 
260 |a Cần Thơ 
260 |b Viện Đại Học Cần Thơ - Đại Học Nông Nghiệp 
260 |c 1974 
650 |a mung bean - diseases and pests,plants, protection of 
904 |i Minh, 991103 
980 |a Trung tâm Học liệu Trường Đại học Cần Thơ